LIBRARY ONLINE CATALOGUE

Aiming high : (Record no. 12398)

MARC details
000 -LEADER
fixed length control field 00624cam a22002052 4500
001 - CONTROL NUMBER
control field 0000000553
005 - DATE AND TIME OF LATEST TRANSACTION
control field 20151217155803.0
008 - FIXED-LENGTH DATA ELEMENTS--GENERAL INFORMATION
fixed length control field 070208s xx 000 0 eng d
020 ## - INTERNATIONAL STANDARD BOOK NUMBER
International Standard Book Number 9966999019 :
Terms of availability KES 700
040 ## - CATALOGING SOURCE
Original cataloging agency KABU
Transcribing agency KABU
050 #0 - LIBRARY OF CONGRESS CALL NUMBER
Classification number DT433.582
Item number .M38M38
100 1# - MAIN ENTRY--PERSONAL NAME
Personal name Matiba, Kenneth Stanley.
-- 0000148775
245 10 - TITLE STATEMENT
Title Aiming high :
Remainder of title the story of my life /
Statement of responsibility, etc. Kenneth Stanley Matiba.
260 ## - PUBLICATION, DISTRIBUTION, ETC. (IMPRINT)
Place of publication, distribution, etc. Nairobi :
Name of publisher, distributor, etc. The People,
Date of publication, distribution, etc. 2000.
300 ## - PHYSICAL DESCRIPTION
Extent 320 p.
600 10 - SUBJECT ADDED ENTRY--PERSONAL NAME
Personal name Matiba, Kenneth Stanley.
-- 0000148775
908 ## - PUT COMMAND PARAMETER (RLIN)
Put command parameter 070208
950 ## - LOCAL HOLDINGS (RLIN)
-- 1
Holdings
Withdrawn status Lost status Source of classification or shelving scheme Not for loan Home library Current library Date acquired Total Checkouts Total Renewals Full call number Barcode Date last seen Date last checked out Price effective from Koha item type
    Library of Congress Classification   Kabarak, Main Campus Kabarak, Main Campus 17/12/2015 13 1 DT433.582 .M38M38 006561 17/03/2022 17/03/2022 17/12/2015 Africana Collection